| 000 | 01762cam a22005054i 4500 | ||
|---|---|---|---|
| 003 | PE-LiUPU | ||
| 005 | 20250731165621.0 | ||
| 008 | 150616s r 000 0 d | ||
| 035 | _a(Sirsi) a6110 | ||
| 035 | _a(Sirsi) a6110 | ||
| 040 |
_aPE-LiUPU _bspa _cPE-LiUPU _erda |
||
| 049 | _aPRUA | ||
| 082 | 0 | 4 |
_a220.6603 _bS74 _221 |
| 100 | 1 |
_aSpence, H. D. M., _eautor. |
|
| 245 | 1 | 4 |
_aThe Pulpit Commentary; Amos to Malachi. _n14. |
| 264 | 1 |
_aMichigan : _bWm. B. Eerdmans Publishing Company, _c1962. |
|
| 300 |
_apaginación variada ; _c23 cm. |
||
| 336 |
_atext _2rdacontent |
||
| 337 |
_aunmediated _2rdamedia |
||
| 338 |
_avolume _2rdacarrier |
||
| 505 | 0 | _aComentarios de los libros de Amós, Abdías, Jonás, Miqueas, Nahum, Habacuc, Sofonías, Ageo, Zacarías y Malaquías. | |
| 526 | _aSEG44 | ||
| 526 | _aSEG26 | ||
| 526 | _aP151 | ||
| 526 | _aP150 | ||
| 526 | _aP149 | ||
| 526 | _aP146 | ||
| 526 | _aP145 | ||
| 526 | _aP126 | ||
| 526 | _aP125 | ||
| 526 | _aP92 | ||
| 526 | _aP75 | ||
| 526 | _aP74 | ||
| 526 | _aP27 | ||
| 526 | _aP15 | ||
| 630 |
_aBiblia. _pA.T. _pAmós-Malaquías _xComentarios. |
||
| 700 | 1 | _aExell, Joseph S. | |
| 910 |
_ajck _bjvq _cjck |
||
| 942 |
_2ddc _cBOOK |
||
| 949 |
_aRC 220.6603 S74 14 _wDEWEY _c1 _i13752 _lRC _mBUL _r0 _sY _tBOOK _u2015-6-16 _xTEOLOGIA _PP35 _0COMPRA _o.CIRCNOTE. No olvidar cambiar la fecha de devolución!!!!!!! _o.STAFF. Colección General |
||
| 994 |
_aC0 _bPEPRU |
||
| 596 | _a1 | ||
| 999 |
_aRC 220.6603 S74 14 _wDEWEY _c57209 _i13752 _f2021-11-8 _g6 _lCCODEBUL1 _mBUL _r1 _sY _tBOOK _u2015-6-16 _xTEOLOGIA _PP35 _0COMPRA _o.CIRCNOTE. No olvidar cambiar la fecha de devolución!!!!!!! _o.STAFF. Colección General _d57209 |
||
| 980 |
_81 _gALBERTO SANCHEZ Responsable de Automatización |
||